000 00433nam a22001577a 4500
005 20260226095701.0
008 260226b |||||||| |||| 00| 0 eng d
020 _a0-435-08622-7
050 _aPQ 3989 .O413 D524
100 _aDJEBAR, ASSIA
245 _aA SISTER TO SCHEHERAZADE
260 _aPORTSMOUTH, NEW HAMPSHIRE,
_bHEINAMANN,
_c1993.
300 _avii, 159 P. ILL
650 _aWOMEN- ALGERIA- FICTION
942 _2lcc
_cBK
999 _c216685
_d216685